| 000 | 01387nam a22002297a 4500 | ||
|---|---|---|---|
| 003 | OSt | ||
| 005 | 20240827113617.0 | ||
| 008 | 240826b ||||| |||| 00| 0 eng d | ||
| 020 | _a9780323399920 (Pbk, colour) | ||
| 020 | _a9780323610315 (Pbk, black & white) | ||
| 040 | _cWIUC-GH | ||
| 042 | _apcc | ||
| 050 | 0 | 0 | _aRT86.54.T73 |
| 245 | 1 | 0 |
_aTranscultural nursing : assessment & intervention / _cEditor: Joyce Newman Giger. |
| 250 | _a7th ed. | ||
| 264 | 1 |
_aSt. Louis, Missouri : _bElsevier, _c2017. |
|
| 300 |
_axiii, 722 p. : _bills. ; _c24 cm |
||
| 504 | _aIncludes bibliographical references and index. | ||
| 505 | _aContent: Introduction to transcultural nursing -- Communication -- Space -- Social organization -- Time -- Environmental control -- Biological variations -- African-Americans -- Mexican Americans -- Navajos -- Appalachians -- American Eskimos : the Yup'ik and Inupiat -- Japanese Americans -- Afghans and Afghan Americans -- Russian Americans -- Chinese Americans -- Filipino Americans Vietnamese Americans -- East Indian Hindu Americans -- Haitian Americans -- Jewish Americans -- Korean Americans -- French Canadians of Quebec origin -- Puerto Rican Americans -- Nigerian Americans -- Ugandan Americans -- Jordanian Americans -- Cuban Americans -- Amish Americans -- Irish Americans. | ||
| 700 | 1 |
_aGiger, Joyce Newman, _eeditor. _9121 |
|
| 942 |
_2lcc _cBK |
||
| 999 |
_c10420 _d17920 |
||